UBT Library

EXPLORING BORDERS (Record no. 59568)

000 -LEADER
fixed length control field 00315nam a22001457a 4500
008 - FIXED-LENGTH DATA ELEMENTS--GENERAL INFORMATION
fixed length control field 230418b ||||| |||| 00| 0 eng d
020 ## - INTERNATIONAL STANDARD BOOK NUMBER
International Standard Book Number 9780415234009
041 ## - LANGUAGE CODE
Language code of text/sound track or separate title eng
080 ## - UNIVERSAL DECIMAL CLASSIFICATION NUMBER
Universal Decimal Classification number 159.9
082 ## - DEWEY DECIMAL CLASSIFICATION NUMBER
Classification number 159.9MAN
100 ## - Rafti
Rafti 25
101 ## - Shkurtesa
Shkurtesa PSI
245 ## - TITLE STATEMENT
Title EXPLORING BORDERS
Statement of responsibility, etc MANTOVANI.G
942 ## - ADDED ENTRY ELEMENTS (KOHA)
Source of classification or shelving scheme
Item type Books
Holdings
Withdrawn status Lost status Source of classification or shelving scheme Damaged status Not for loan Collection code Permanent location Current location Date acquired Total Checkouts Full call number Barcode Date last seen Price effective from Koha item type
          Koleksioni i përgjithshem UBT - Lipjan UBT - Lipjan 04/18/2023   159.9MAN 002-80006037 04/18/2023 04/18/2023 Books
          Koleksioni i përgjithshem UBT - Lipjan UBT - Lipjan 04/18/2023   159.9MAN 002-80006038 04/18/2023 04/18/2023 Books
          Koleksioni i përgjithshem UBT - Lipjan UBT - Lipjan 04/18/2023   159.9MAN 002-80006039 04/18/2023 04/18/2023 Books
          Koleksioni i përgjithshem UBT - Lipjan UBT - Lipjan 04/18/2023   159.9MAN 002-80006040 04/18/2023 04/18/2023 Books
          Koleksioni i përgjithshem UBT - Lipjan UBT - Lipjan 04/18/2023   159.9MAN 002-80006041 04/18/2023 04/18/2023 Books
          Koleksioni i përgjithshem UBT - Lipjan UBT - Lipjan 04/18/2023   159.9MAN 002-80006042 04/18/2023 04/18/2023 Books
          Koleksioni i përgjithshem UBT - Lipjan UBT - Lipjan 04/18/2023   159.9MAN 002-80006043 04/18/2023 04/18/2023 Books
          Koleksioni i përgjithshem UBT - Lipjan UBT - Lipjan 04/18/2023   159.9MAN 002-80006044 04/18/2023 04/18/2023 Books
          Koleksioni i përgjithshem UBT - Lipjan UBT - Lipjan 04/18/2023   159.9MAN 002-80006045 04/18/2023 04/18/2023 Books
          Koleksioni i përgjithshem UBT - Lipjan UBT - Lipjan 04/18/2023   159.9MAN 002-80006046 04/18/2023 04/18/2023 Books
UBT Library © 2015-2024. All rights reserved University Education for Business and Technology